[Event "Penang op 15th"]
[Site "Penang"]
[Date "2023.12.18"]
[Round "2"]
[White "Lim, Kian Guan"]
[Black "Novita, Anjas"]
[Result "0-1"]
[WhiteElo "1480"]
[BlackElo "2371"]
[PlyCount "70"]
[EventDate "2023.12.18"]
[EventType "swiss"]
[EventRounds "9"]
[EventCountry "MAS"]
[SourceTitle "CB52_2023"]
[SourceDate "2023.12.27"]
[SourceVersion "1"]
[SourceVersionDate "2023.12.27"]
[SourceQuality "1"]

1. e4 c5 2. Nc3 a6 3. g3 b5 4. Bg2 Bb7 5. d3 e6 6. Nh3 b4 7. Ne2 d5 8. exd5 Bxd5 9. 0-0 Bxg2 10. Kxg2 Qd5+ 11. Kg1 Nf6 12. Nef4 Qb7 13. Ng5 Be7 14. Qf3 Nc6 15. Nh5 0-0 16. Nxf6+ Bxf6 17. Ne4 Be7 18. Be3 Qb5 19. a4 bxa3 20. bxa3 Ne5 21. Qe2 c4 22. dxc4 Nxc4 23. a4 Qc6 24. Nd2 Nxe3 25. Qxe3 Qxc2 26. Rfc1 Qf5 27. Rc6 Bg5 28. f4 Bf6 29. Rac1 Rfd8 30. Nf3 h6 31. R6c5 Rd5 32. Ne5 Bxe5 33. fxe5 Rad8 34. Rf1 Rd1 35. Rc1 Qxf1# 0-1